History Quiz

Random History or Continent Quiz

Asian History Match-up Quiz Stats

 Plays Quiz Updated Apr 19, 2016

Challenge
Share
Tweet
Score 0/30 Timer 05:00
2 Plays Today
% Correct
Taj
97.5%
Suez
95.9%
Mao
95.2%
Viet
94.5%
Opium
93.5%
Indira
92.7%
Yom
92.2%
Pol
92.1%
Terracotta
90.7%
Great Leap
90.4%
Angkor
86.3%
Long
86.3%
Khmer
85.8%
Gang of
85.8%
Tet
85.7%
% Correct
Hammurabi's
85.5%
Little Red
84.8%
Fertile
83.5%
Benazir
82.9%
Salt
80.3%
Golda
80.3%
Ruhollah
79.6%
Tamil
79.5%
Corazon
78%
Mandate of
77.8%
Deng
76.8%
Siddhārtha
74.8%
Mustafa Kemal
74.4%
Malala
74.1%
Sun
71.2%

You're not logged in!

Compare scores with friends on all Sporcle quizzes.
Join for Free
OR
Log In

You Might Also Like...

Show Comments

Extras

Top Quizzes Today


Score Distribution

Your Account Isn't Verified!

In order to create a playlist on Sporcle, you need to verify the email address you used during registration. Go to your Sporcle Settings to finish the process.

Report this User

Report this user for behavior that violates our Community Guidelines.

Details: